| 000 | 00449nam a22001337a 4500 | ||
|---|---|---|---|
| 008 | 140202b xxu||||| |||| 00| 0 eng d | ||
| 100 |
_9190 _aSahanaya, Wendy |
||
| 245 |
_aIELTS Preparation and practice: Reading and Writing in the Academic Module _c/ Wendy Sahanaya, Jeremy Lindeck |
||
| 260 |
_bOxford University, _cc2002. _aMelbourne: |
||
| 300 | _a100p | ||
| 650 | 0 |
_956 _aEnglish _xGrammar study |
|
| 700 |
_9191 _aLindeck, Jeremy |
||
| 942 |
_2ddc _cBK |
||
| 999 |
_c138 _d138 |
||